000 00936nam a2200289Ia 4500
003 OSt
005 20221005092758.0
006 a|||||r|||| 00| 0
007 ta
008 221004b |||||||| |||| 00| 0 eng d
020 _a9788132225409 (hbk)
_cEURO 99.99
024 _a34337
037 _b017, 01/09/2017, Classic Book Service
_cTextual
040 _aCRL
_cCRL
_beng
041 _2eng
_aeng
082 _aX:77.2, Q6
100 _aDev S. Mahendra Ed.
_9431446
245 0 _aDevelopment in India
_b micro amd macro perspetives
260 _aNew York
_bSpringer USA
_c2016
300 _axiii,377p.
_ccm.
490 _aIndia studies in business and economics
650 _a ECONOMICS
650 _aECONOMIC POLICY - INDIA
_9190434
700 _a P.G. Babu Ed.
_9617763
942 _hX:77.2, Q6
_cTEXL
_2cc
999 _c999356
_d999356